Siegfried /

Guardado en:
Bibliografiske detaljer
Hovedforfatter: Herhaus, Ernst (autor)
Andre forfattere: Schröder, Jörg
Format: Bog
Sprog:German
Udgivet: Hamburgo, Alemania : Rowohlt, 1972, c1972
Serier:(Rororo ; 780/5146)
Fag:
Tags: Tilføj Tag
Ingen Tags, Vær først til at tagge denne postø!

MARC

LEADER 00000nam^a2200000^a^4500
001 000298483
005 20250521000000.0
009 20260310112409.984
020 |a 3-499-15146-4 
037 |a Acervo Xavier Clavigero 
041 |a ALE 
082 |a 833.  |b HER 
100 |a Herhaus, Ernst  |e (autor) 
245 1 0 |a Siegfried /  |c E. Herhaus, J. Schröder. 
264 4 |a Hamburgo, Alemania :  |b Rowohlt,  |c 1972, c1972 
300 |a 318 p. 
336 |a texto  |b txt  |2 rdacontenido 
337 |a sin mediación  |b n  |2 rdamedio 
338 |a volumen  |b nc  |2 rdasoporte 
440 |a (Rororo ;  |v 780/5146) 
649 |a XX 
650 |a Novela Alemana 
650 |a Literatura Alemana -  |y Siglo XX 
700 |a Schröder, Jörg 
910 |a Fondo General 
920 |a Impresos - Libros 
930 |a Colección General 
940 |a Literatura 
905 |a 101 
901 |a 0500184433  |b IT1  |c LIT  |i FXC D1111  |u 20250521 
902 |a https://opac.biblio.iteso.mx/vufind/Record/000298483